[Event "Isla de La Palma Torneo Sub 2300"]
[Site "Isla de La Palma ESP"]
[Date "2005.06.08"]
[Round "6.7"]
[White "Martin Martin, Francisco"]
[Black "Batista Yanez, Jair"]
[Result "1/2-1/2"]
[WhiteElo "2105"]
[BlackElo "2200"]
[PlyCount "99"]
[EventDate "2005.06.03"]
[EventType "swiss"]
[EventRounds "9"]
[EventCountry "ESP"]
[Source "lmi"]
[SourceDate "2005.06.11"]

1. d4 Nf6 2. c4 g6 3. Nc3 Bg7 4. e4 d6 5. Bg5 h6 6. Bh4 O-O 7. Bd3 e5 8. d5
Nbd7 9. b4 c6 10. Nge2 g5 11. Bg3 Nh5 12. h4 Nf4 13. hxg5 hxg5 14. Bxf4 exf4
15. e5 Bxe5 16. Kd2 f5 17. Rh6 Rf6 18. Qh1 Rxh6 19. Qxh6 Nf8 20. Rh1 Qf6 21.
Qh5 a5 22. dxc6 axb4 23. Nd5 Rxa2+ 24. Bc2 Qg7 25. Nxb4 Ra3 26. Nd3 Bf6 27. Qe8
Be6 28. cxb7 Qxb7 29. Rb1 Qg7 30. c5 Bd7 31. Qb8 d5 32. Qb6 Bc3+ 33. Kd1 Qf6
34. Bb3 Ba4 35. Bxa4 Rxa4 36. Qxf6 Bxf6 37. Rc1 Ne6 38. c6 Rc4 39. Rxc4 dxc4
40. Nb4 Nc7 41. Kc2 Kf7 42. Nc3 Ke6 43. Na4 Kd6 44. Nb6 c3 45. Na4 Nb5 46. c7
Nxc7 47. Nxc3 Bxc3 48. Kxc3 Nd5+ 49. Nxd5 Kxd5 50. f3 1/2-1/2

[Event "Isla de La Palma Torneo Sub 2300"]
[Site "Isla de La Palma ESP"]
[Date "2005.06.08"]
[Round "6.8"]
[White "Van Hoolandt, Patrick"]
[Black "Amil Serantes, Jorge"]
[Result "0-1"]
[WhiteElo "2181"]
[BlackElo "2198"]
[PlyCount "114"]
[EventDate "2005.06.03"]
[EventType "swiss"]
[EventRounds "9"]
[EventCountry "ESP"]
[Source "lmi"]
[SourceDate "2005.06.11"]

1. d4 Nf6 2. c4 e6 3. Nf3 b6 4. Nc3 Bb7 5. Bg5 d5 6. cxd5 exd5 7. e3 Be7 8.
Bb5+ c6 9. Bd3 O-O 10. Qc2 Nbd7 11. O-O Re8 12. h3 Nf8 13. Ne5 N6d7 14. Bxe7
Rxe7 15. Nxd7 Qxd7 16. b4 Qd6 17. Rfb1 Rd8 18. a4 Qh6 19. a5 b5 20. Ne2 Rd6 21.
Ng3 Bc8 22. Bf5 Ne6 23. Ra3 g6 24. Rc3 Qg5 25. Bd3 Bd7 26. Kh2 Re8 27. f4 Qh6
28. Qf2 Ng7 29. Rbc1 Qh4 30. Kg1 Rde6 31. Bb1 Qe7 32. f5 Rxe3 33. f6 Rxc3 34.
fxe7 Rxc1+ 35. Kh2 Rxb1 36. Qc2 Rxb4 37. Qc5 Ra4 38. Qd6 Bc8 39. Qxc6 Rxa5 40.
Qxd5 Ra6 41. Qxb5 Re6 42. d5 R6xe7 43. d6 Rd7 44. Qc6 f5 45. Ne2 Red8 46. Qc4+
Kh8 47. Qc5 a6 48. Nd4 Rxd6 49. Nc6 Be6 50. Nxd8 Rxd8 51. Qb6 Re8 52. Qxa6 h5
53. Qd6 Ra8 54. Qf4 Kh7 55. Kg3 Ra2 56. Kh4 Rc2 57. Qd4 Rc4 0-1

[Event "Isla de La Palma Torneo Sub 2300"]
[Site "Isla de La Palma ESP"]
[Date "2005.06.08"]
[Round "6.9"]
[White "Vega Gutierrez, Sabrina Neide"]
[Black "Watson, Ron H"]
[Result "1-0"]
[WhiteElo "2253"]
[BlackElo "2060"]
[PlyCount "95"]
[EventDate "2005.06.03"]
[EventType "swiss"]
[EventRounds "9"]
[EventCountry "ESP"]
[Source "lmi"]
[SourceDate "2005.06.11"]

1. e4 c6 2. d4 d5 3. Nc3 dxe4 4. Nxe4 Nf6 5. Nxf6+ gxf6 6. Ne2 Bg4 7. f3 Bf5 8.
Ng3 Bg6 9. Bc4 e6 10. O-O Qc7 11. Qe2 Nd7 12. f4 O-O-O 13. f5 exf5 14. Bf4 Bd6
15. Qf3 Bxf4 16. Qxf4 Qxf4 17. Rxf4 Nb6 18. Bb3 Nd5 19. Bxd5 Rxd5 20. c4 Rd7
21. Kf2 Re8 22. Rd1 Kc7 23. Rd2 Re6 24. b4 b6 25. h4 h5 26. Kf3 Red6 27. Nf1
Re6 28. Ne3 Re4 29. d5 b5 30. cxb5 cxb5 31. Nxf5 Bxf5 32. Rxe4 Bxe4+ 33. Kxe4
Kd6 34. Rc2 Re7+ 35. Kd4 Re1 36. Rc6+ Ke7 37. Kc5 Re2 38. Rc7+ Kd8 39. Rxa7
Rxg2 40. Kxb5 Rh2 41. Kc6 Rxh4 42. Ra8+ Ke7 43. d6+ Ke6 44. Re8+ Kf5 45. d7 Rd4
46. d8=Q Rxd8 47. Rxd8 h4 48. b5 1-0

[Event "Isla de La Palma Torneo Sub 2300"]
[Site "Isla de La Palma ESP"]
[Date "2005.06.08"]
[Round "6.11"]
[White "Ros Octavio de Toledo, Eduardo"]
[Black "Pizarro Segura, Eduardo"]
[Result "0-1"]
[WhiteElo "2176"]
[BlackElo "2173"]
[PlyCount "42"]
[EventDate "2005.06.03"]
[EventType "swiss"]
[EventRounds "9"]
[EventCountry "ESP"]
[Source "lmi"]
[SourceDate "2005.06.11"]

1. Nf3 d5 2. d4 e6 3. c4 f5 4. Nc3 Nf6 5. Bf4 Be7 6. e3 O-O 7. Bd3 c6 8. Qc2
Ne4 9. g4 Qa5 10. gxf5 exf5 11. cxd5 cxd5 12. Ke2 Be6 13. Qb3 Nd7 14. Nxe4 fxe4
15. Bxe4 Nf6 16. Ng5 Nxe4 17. Nxe4 Qa6+ 18. Qd3 dxe4 19. Qxa6 bxa6 20. Rhc1
Rac8 21. Rxc8 Rxc8 0-1

[Event "Isla de La Palma Torneo Sub 2300"]
[Site "Isla de La Palma ESP"]
[Date "2005.06.09"]
[Round "7.1"]
[White "Lacrosse, Marc"]
[Black "Perez Aleman, Pedro Tomys"]
[Result "0-1"]
[WhiteElo "2289"]
[BlackElo "2134"]
[PlyCount "98"]
[EventDate "2005.06.03"]
[EventType "swiss"]
[EventRounds "9"]
[EventCountry "ESP"]
[Source "lmi"]
[SourceDate "2005.06.11"]

1. d4 Nf6 2. c4 g6 3. Nc3 Bg7 4. e4 d6 5. Nf3 O-O 6. Be2 Bg4 7. Be3 Nfd7 8. Rc1
c5 9. d5 Na6 10. O-O Nc7 11. Ne1 Bxe2 12. Qxe2 Rb8 13. f4 a6 14. Nf3 b5 15. b3
Nf6 16. Bf2 Qd7 17. h3 Nh5 18. Qd2 Bh6 19. Ne2 Nf6 20. Qc2 bxc4 21. bxc4 Nh5
22. Qd2 f5 23. e5 Qa4 24. Be3 dxe5 25. Nxe5 Nf6 26. Bxc5 Ne4 27. Qe3 Qxa2 28.
Ra1 Qb2 29. Bd4 Rb3 30. Bxb2 Rxe3 31. Rfe1 Rb3 32. Bd4 Ra8 33. Nc6 Kf8 34. Reb1
Nd2 35. Rxb3 Nxb3 36. Rb1 Nxd4 37. Ncxd4 a5 38. Rb7 Na6 39. Ne6+ Kf7 40. N2d4
Kf6 41. Rb5 Nb8 42. Nc7 Ra7 43. Ne8+ Kf7 44. Rxb8 Bxf4 45. Rb5 Be3+ 46. Kf1
Bxd4 47. Rb8 Be5 48. Rc8 a4 49. c5 a3 0-1

[Event "Isla de La Palma Torneo Sub 2300"]
[Site "Isla de La Palma ESP"]
[Date "2005.06.09"]
[Round "7.2"]
[White "Cruz, Alfredo"]
[Black "Lopez Pereyra, Antonio"]
[Result "0-1"]
[WhiteElo "2287"]
[BlackElo "2165"]
[PlyCount "65"]
[EventDate "2005.06.03"]
[EventType "swiss"]
[EventRounds "9"]
[EventCountry "ESP"]
[Source "lmi"]
[SourceDate "2005.06.11"]

1. d4 f5 2. e4 fxe4 3. f3 Nf6 4. Nc3 Nc6 5. d5 Ne5 6. Qd4 d6 7. fxe4 g6 8. Bf4
Nf7 9. Bb5+ Bd7 10. Bxd7+ Qxd7 11. Nf3 Bg7 12. Qd2 O-O 13. O-O c5 14. a4 Nh5
15. Be3 Ne5 16. Nxe5 Bxe5 17. Bh6 Rf6 18. Rxf6 exf6 19. Be3 Qg4 20. Qe2 Qh4 21.
g3 Nxg3 22. hxg3 Qxg3+ 23. Kf1 f5 24. Qf2 Qh3+ 25. Ke2 f4 26. Bd2 Rf8 27. Rf1
f3+ 28. Kd1 Bg3 29. Qg1 f2 30. Qh1 Qxh1 31. Rxh1 f1=Q+ 32. Rxf1 Rxf1+ 33. Ke2
0-1

[Event "Isla de La Palma Torneo Sub 2300"]
[Site "Isla de La Palma ESP"]
[Date "2005.06.09"]
[Round "7.3"]
[White "De La Cruz Sanchez, Gustavo"]
[Black "Martin Ojeda, Juan Manuel"]
[Result "1/2-1/2"]
[WhiteElo "2279"]
[BlackElo "2268"]
[PlyCount "46"]
[EventDate "2005.06.03"]
[EventType "swiss"]
[EventRounds "9"]
[EventCountry "ESP"]
[Source "lmi"]
[SourceDate "2005.06.11"]

1. e4 e6 2. d4 d5 3. exd5 exd5 4. c4 Nf6 5. Nc3 Bb4 6. Bd3 dxc4 7. Bxc4 O-O 8.
Nge2 Nbd7 9. O-O c6 10. Bg5 Be7 11. Re1 h6 12. Bh4 Nb6 13. Bb3 Nbd5 14. Nxd5
cxd5 15. Bxf6 Bxf6 16. Nf4 Qb6 17. Nxd5 Qxd4 18. Qf3 Bd8 19. Rad1 Qg4 20. Qd3
Qg5 21. Bc2 g6 22. Qd4 Be6 23. Bb3 Bxd5 1/2-1/2

[Event "Isla de La Palma Torneo Sub 2300"]
[Site "Isla de La Palma ESP"]
[Date "2005.06.09"]
[Round "7.4"]
[White "Pinto Henriquez, Rodrigo"]
[Black "Enjuto Velasco, Roberto"]
[Result "1-0"]
[WhiteElo "2221"]
[BlackElo "2167"]
[PlyCount "83"]
[EventDate "2005.06.03"]
[EventType "swiss"]
[EventRounds "9"]
[EventCountry "ESP"]
[Source "lmi"]
[SourceDate "2005.06.11"]

1. d4 d5 2. c4 c6 3. e3 Nf6 4. Nc3 g6 5. Qb3 Bg7 6. Nf3 O-O 7. Bd2 e6 8. Ne5
Nfd7 9. Nxd7 Nxd7 10. cxd5 exd5 11. Be2 Qg5 12. g3 Re8 13. O-O-O Qd8 14. Kb1 b5
15. a4 a6 16. a5 Nf6 17. Na2 Ne4 18. Be1 Nd6 19. Bb4 Bf5+ 20. Ka1 Nc4 21. Qc3
Rc8 22. Bxc4 c5 23. Bxd5 Qxd5 24. Bxc5 Be6 25. Nb4 Qd8 26. Nd3 Bc4 27. b4 Bd5
28. Rhe1 Qd7 29. Ne5 Qh3 30. e4 Bb7 31. f4 Qxh2 32. Rd2 Qh3 33. Qf3 Bxe5 34.
fxe5 Qe6 35. Rf2 Rc7 36. Kb2 Rec8 37. Ref1 Re8 38. Qd3 Rec8 39. Rf6 Qc4 40.
Qxc4 bxc4 41. d5 Re8 42. Kc3 1-0

[Event "Isla de La Palma Torneo Sub 2300"]
[Site "Isla de La Palma ESP"]
[Date "2005.06.09"]
[Round "7.5"]
[White "Lopez Colon, Francisco"]
[Black "Lopez Pereyra, Antonio"]
[Result "0-1"]
[WhiteElo "2206"]
[BlackElo "2165"]
[PlyCount "86"]
[EventDate "2005.06.03"]
[EventType "swiss"]
[EventRounds "9"]
[EventCountry "ESP"]
[Source "lmi"]
[SourceDate "2005.06.11"]

1. d4 d5 2. c4 e6 3. Nc3 Be7 4. Nf3 Nf6 5. Bg5 O-O 6. e3 h6 7. Bh4 Ne4 8. Bxe7
Qxe7 9. cxd5 Nxc3 10. bxc3 exd5 11. Qb3 Rd8 12. a4 Nc6 13. Bb5 Qf6 14. Bxc6
bxc6 15. O-O Ba6 16. Rfe1 Rab8 17. Qc2 Bc8 18. e4 c5 19. dxc5 dxe4 20. Qxe4 Bb7
21. Qe5 Qc6 22. Qg3 Qxc5 23. Ne5 Ba8 24. Rad1 Rxd1 25. Rxd1 Qd5 26. Rf1 Rb6 27.
c4 Qd4 28. Qe3 Qb2 29. Qc5 Re6 30. Nd3 Qb7 31. f3 Ra6 32. Qb5 Qc8 33. Re1 Bc6
34. Qc5 Bxa4 35. Nb4 Re6 36. Ra1 Qe8 37. h3 Rg6 38. Qxa7 Bb3 39. Qxc7 Qe3+ 40.
Kh1 Qd2 41. Qb8+ Kh7 42. Rg1 Bxc4 43. Kh2 Bf1 0-1

[Event "Isla de La Palma Torneo Sub 2300"]
[Site "Isla de La Palma ESP"]
[Date "2005.06.09"]
[Round "7.6"]
[White "Amil Serantes, Jorge"]
[Black "Vega Gutierrez, Sabrina Neide"]
[Result "0-1"]
[WhiteElo "2198"]
[BlackElo "2253"]
[PlyCount "81"]
[EventDate "2005.06.03"]
[EventType "swiss"]
[EventRounds "9"]
[EventCountry "ESP"]
[Source "lmi"]
[SourceDate "2005.06.11"]

1. d4 d5 2. c4 e6 3. Nf3 c6 4. e3 Nf6 5. Nc3 Nbd7 6. Bd3 dxc4 7. Bxc4 b5 8. Bd3
Bd6 9. O-O O-O 10. a4 b4 11. Ne4 Nxe4 12. Bxe4 Bb7 13. Nd2 Nf6 14. Bf3 Qc7 15.
h3 c5 16. Bxb7 Qxb7 17. Nc4 Rfd8 18. Qe2 Be7 19. dxc5 Ne4 20. Bd2 Nxc5 21. Na5
Qe4 22. Bxb4 Qxb4 23. Nc6 Qb7 24. Nxd8 Rxd8 25. Rfd1 Rb8 26. a5 Qxb2 27. Qxb2
Rxb2 28. Rab1 Rxb1 29. Rxb1 g6 30. Kf1 Kg7 31. Rb8 Kf6 32. Ke2 h5 33. f3 Bd6
34. Ra8 a6 35. Ra7 e5 36. Kd2 Bb8 37. Ra8 Bc7 38. Kc3 Bxa5+ 39. Kc4 Bb6 40. Kd5
Ne6 41. f4 0-1

[Event "Isla de La Palma Torneo Sub 2300"]
[Site "Isla de La Palma ESP"]
[Date "2005.06.09"]
[Round "7.7"]
[White "Batista Yanez, Jair"]
[Black "Perez Felipe, Marcos Adrian"]
[Result "0-1"]
[WhiteElo "2200"]
[BlackElo "2158"]
[PlyCount "70"]
[EventDate "2005.06.03"]
[EventType "swiss"]
[EventRounds "9"]
[EventCountry "ESP"]
[Source "lmi"]
[SourceDate "2005.06.11"]

1. e4 c5 2. Nf3 d6 3. d4 cxd4 4. Nxd4 Nf6 5. Nc3 a6 6. f3 e6 7. Be3 b5 8. a3
Bb7 9. Qd2 Nbd7 10. Nb3 Rc8 11. Be2 Be7 12. O-O-O Nb6 13. h4 Nfd7 14. g4 Ne5
15. Na5 Ba8 16. f4 Nec4 17. Nxc4 Nxc4 18. Bxc4 Rxc4 19. Bd4 O-O 20. g5 Qa5 21.
Qd3 Rfc8 22. Rh2 b4 23. Nb1 e5 24. axb4 Qc7 25. Bc3 Bxe4 26. Qd2 d5 27. Na3 d4
28. Nxc4 Qxc4 29. Bxd4 exd4 30. Qxd4 Qc6 31. Re1 Bxc2 32. Qc3 Bf5 33. Qxc6
Rxc6+ 34. Kd1 Bg4+ 35. Ree2 Re6 0-1

[Event "Isla de La Palma Torneo Sub 2300"]
[Site "Isla de La Palma ESP"]
[Date "2005.06.09"]
[Round "7.8"]
[White "Pizarro Segura, Eduardo"]
[Black "Morales Camacho, Julian"]
[Result "1-0"]
[WhiteElo "2173"]
[BlackElo "2226"]
[PlyCount "71"]
[EventDate "2005.06.03"]
[EventType "swiss"]
[EventRounds "9"]
[EventCountry "ESP"]
[Source "lmi"]
[SourceDate "2005.06.11"]

1. d4 Nf6 2. Nf3 d6 3. g3 g6 4. Bg2 c5 5. O-O Na6 6. c3 Bg7 7. a4 O-O 8. Na3
Rb8 9. Nb5 Qb6 10. dxc5 Nxc5 11. b4 Nxa4 12. Qxa4 Bd7 13. Be3 Qxb5 14. Qxb5
Bxb5 15. Bxa7 Rbc8 16. Nd4 Bc6 17. Nxc6 bxc6 18. c4 d5 19. b5 e6 20. b6 Nd7 21.
b7 Rcd8 22. cxd5 cxd5 23. Rac1 Be5 24. e4 Nf6 25. f4 Bb8 26. Bc5 Rfe8 27. e5
Nd7 28. Bd4 f6 29. Rfe1 fxe5 30. fxe5 Re7 31. Rc6 Kf7 32. Bh3 Nf8 33. Rf1+ Kg7
34. Rc8 Ree8 35. Rfc1 Kf7 36. Bb6 1-0

[Event "Isla de La Palma Torneo Sub 2300"]
[Site "Isla de La Palma ESP"]
[Date "2005.06.09"]
[Round "7.10"]
[White "Gonzalez Ramirez, Manuel"]
[Black "Martin Martin, Francisco"]
[Result "1/2-1/2"]
[WhiteElo "2194"]
[BlackElo "2105"]
[PlyCount "135"]
[EventDate "2005.06.03"]
[EventType "swiss"]
[EventRounds "9"]
[EventCountry "ESP"]
[Source "lmi"]
[SourceDate "2005.06.11"]

1. c4 e5 2. Nc3 Nf6 3. Nf3 Nc6 4. g3 d5 5. cxd5 Nxd5 6. Qa4 Nb6 7. Qc2 Be7 8.
Bg2 O-O 9. O-O Be6 10. d3 f5 11. Rd1 Bf6 12. Na4 Nxa4 13. Qxa4 Qe8 14. Qa3 h6
15. Be3 Nd4 16. Bxd4 exd4 17. Qc5 Qd8 18. Rdc1 c6 19. Bh3 g6 20. a4 Qd5 21. Qb4
Qb3 22. Qd2 g5 23. Ra3 Qb6 24. a5 Qc7 25. Bg2 g4 26. Ne1 Bg5 27. e3 Qe5 28. Nc2
Rae8 29. Re1 dxe3 30. fxe3 Qxb2 31. Qc3 Bf6 32. d4 Qxc3 33. Rxc3 Bd5 34. Bxd5+
cxd5 35. Rc1 Rc8 36. Nb4 Rxc3 37. Rxc3 Bd8 38. Nxd5 Bxa5 39. Rb3 b6 40. Kf2 Kf7
41. Rb2 Rc8 42. Nf4 Rc1 43. h3 gxh3 44. Nxh3 Be1+ 45. Kg2 Rd1 46. Rb5 Rd2+ 47.
Kf3 Rh2 48. Rb1 Rxh3 49. Rxe1 Rh2 50. Ra1 Rb2 51. Rxa7+ Kf6 52. Rc7 b5 53. g4
fxg4+ 54. Kxg4 b4 55. Rc6+ Kg7 56. Rb6 b3 57. Kf5 Rf2+ 58. Ke5 b2 59. d5 h5 60.
d6 Rd2 61. Ke6 h4 62. Rb7+ Kg6 63. d7 Re2 64. Rxb2 Rxe3+ 65. Kd6 Rd3+ 66. Ke7
Kg5 67. Rb5+ Kg4 68. Rb6 1/2-1/2

[Event "Isla de La Palma Torneo Sub 2300"]
[Site "Isla de La Palma ESP"]
[Date "2005.06.10"]
[Round "8.1"]
[White "Perez Aleman, Pedro Tomys"]
[Black "Lopez Pereyra, Antonio"]
[Result "1-0"]
[WhiteElo "2134"]
[BlackElo "2165"]
[PlyCount "141"]
[EventDate "2005.06.03"]
[EventType "swiss"]
[EventRounds "9"]
[EventCountry "ESP"]
[Source "lmi"]
[SourceDate "2005.06.11"]

1. Nf3 f5 2. c4 Nf6 3. g3 g6 4. Bg2 Bg7 5. d4 d6 6. Nc3 O-O 7. O-O Qe8 8. d5
Na6 9. Rb1 c5 10. a3 Bd7 11. b4 Nh5 12. b5 Nb8 13. Bb2 f4 14. Ng5 Bf5 15. Ne6
Bxb1 16. Qxb1 Nd7 17. g4 f3 18. Bxf3 Nf4 19. Nxg7 Kxg7 20. Ne4+ Kg8 21. Ba1 h6
22. Qb2 Nf6 23. h4 g5 24. h5 Rf7 25. Qc3 Rh7 26. Ng3 Qd7 27. Nf5 Rf8 28. e4
Rff7 29. Kh2 e6 30. dxe6 Nxe6 31. e5 dxe5 32. Qxe5 Qc7 33. Nd6 Nd4 34. Bxd4
cxd4 35. Nxf7 Rxf7 36. Qxc7 Rxc7 37. Rc1 Nd7 38. Rd1 Ne5 39. Bd5+ Kg7 40. Rxd4
b6 41. Kg3 Re7 42. Re4 Kf6 43. a4 Nd3 44. Rxe7 Kxe7 45. Kf3 Kd6 46. Ke3 Nf4 47.
Ke4 Nh3 48. f3 Ke7 49. Ke5 Nf4 50. Kf5 Nd3 51. Kg6 Nc5 52. Kxh6 Kf6 53. Kh7 Nd7
54. Kg8 Ne5 55. Kf8 Nd7+ 56. Ke8 Nc5 57. Kd8 Nxa4 58. Be4 Nb2 59. Bd5 Na4 60.
Kc7 Nc5 61. Kb8 a5 62. bxa6 Nxa6+ 63. Ka7 Nc5 64. Kxb6 Nd7+ 65. Kc7 Ke7 66. h6
Nf8 67. Bg8 Ng6 68. h7 Kf6 69. c5 Kg7 70. Kd6 Nf8 71. c6 1-0

[Event "Isla de La Palma Torneo Sub 2300"]
[Site "Isla de La Palma ESP"]
[Date "2005.06.10"]
[Round "8.2"]
[White "Martin Ojeda, Juan Manuel"]
[Black "Pinto Henriquez, Rodrigo"]
[Result "1-0"]
[WhiteElo "2268"]
[BlackElo "2221"]
[PlyCount "55"]
[EventDate "2005.06.03"]
[EventType "swiss"]
[EventRounds "9"]
[EventCountry "ESP"]
[Source "lmi"]
[SourceDate "2005.06.11"]

1. e4 e5 2. d4 exd4 3. Qxd4 Nc6 4. Qe3 Nf6 5. Nc3 Be7 6. Bc4 Nb4 7. Bb3 d5 8.
exd5 Nbxd5 9. Nxd5 Nxd5 10. Qg3 Bf6 11. Ne2 O-O 12. O-O c6 13. Qf3 Be6 14. Ng3
Qd7 15. h3 Rae8 16. c3 Bd8 17. Ne4 Bc7 18. c4 Nb6 19. Be3 f5 20. Ng5 Qd6 21. g3
Nxc4 22. Bf4 Nd2 23. Bxd2 Bxb3 24. Qxb3+ Qd5 25. Bb4 Rf6 26. Qxd5+ cxd5 27.
Rfe1 Rxe1+ 28. Rxe1 1-0

[Event "Isla de La Palma Torneo Sub 2300"]
[Site "Isla de La Palma ESP"]
[Date "2005.06.10"]
[Round "8.3"]
[White "Perera Gonzalez, Pablo"]
[Black "Lacrosse, Marc"]
[Result "1-0"]
[WhiteElo "2211"]
[BlackElo "2289"]
[PlyCount "57"]
[EventDate "2005.06.03"]
[EventType "swiss"]
[EventRounds "9"]
[EventCountry "ESP"]
[Source "lmi"]
[SourceDate "2005.06.11"]

1. Nf3 d5 2. d4 Nf6 3. c4 e6 4. Nc3 c6 5. e3 Nbd7 6. Bd3 dxc4 7. Bxc4 b5 8. Bd3
a6 9. e4 c5 10. e5 cxd4 11. Nxb5 Ng4 12. Qa4 Bb7 13. Nbxd4 Qb6 14. O-O Bc5 15.
Nxe6 Qxe6 16. Ng5 Qd5 17. Qxg4 Nxe5 18. Re1 Be7 19. Rxe5 Qxe5 20. Bf4 Qa5 21.
Nxh7 g5 22. Be3 Qd5 23. Bd4 Rxh7 24. Bxh7 Rd8 25. Bc3 Bc8 26. Qe2 Be6 27. Be4
Qd6 28. Bc2 Qf4 29. Qxa6 1-0

[Event "Isla de La Palma Torneo Sub 2300"]
[Site "Isla de La Palma ESP"]
[Date "2005.06.10"]
[Round "8.4"]
[White "Fenollar Jorda, Manuel"]
[Black "Cruz, Alfredo"]
[Result "1/2-1/2"]
[WhiteElo "2239"]
[BlackElo "2287"]
[PlyCount "89"]
[EventDate "2005.06.03"]
[EventType "swiss"]
[EventRounds "9"]
[EventCountry "ESP"]
[Source "lmi"]
[SourceDate "2005.06.11"]

1. d4 Nf6 2. Nf3 e6 3. e3 b6 4. Bd3 Bb7 5. Nbd2 d5 6. Ne5 Be7 7. f4 O-O 8. Qf3
c5 9. c3 Nbd7 10. O-O Re8 11. Qh3 a6 12. f5 exf5 13. Bxf5 Nf8 14. Ndf3 Bd6 15.
Bd2 Bc8 16. Be1 Ng6 17. Bg3 Bxf5 18. Qxf5 Qc8 19. Ng5 Ra7 20. Qd3 c4 21. Qc2
Bxe5 22. dxe5 Ng4 23. e6 fxe6 24. Qd1 Nf6 25. e4 dxe4 26. Rxf6 gxf6 27. Nxe4
Rf8 28. Qd4 f5 29. Nf6+ Rxf6 30. Qxf6 Rf7 31. Qg5 Qc5+ 32. Bf2 Qe7 33. Qe3 b5
34. Qb6 Qb7 35. Qd8+ Rf8 36. Qg5 Qd5 37. h4 f4 38. Qxd5 exd5 39. a4 f3 40. axb5
axb5 41. Ra5 fxg2 42. Rxb5 Nf4 43. Bg3 Kg7 44. Bxf4 Rxf4 45. Rxd5 1/2-1/2

[Event "Isla de La Palma Torneo Sub 2300"]
[Site "Isla de La Palma ESP"]
[Date "2005.06.10"]
[Round "8.5"]
[White "Martin Martin, Francisco"]
[Black "Lopez Colon, Francisco"]
[Result "0-1"]
[WhiteElo "2105"]
[BlackElo "2206"]
[PlyCount "102"]
[EventDate "2005.06.03"]
[EventType "swiss"]
[EventRounds "9"]
[EventCountry "ESP"]
[Source "lmi"]
[SourceDate "2005.06.11"]

1. d4 c5 2. d5 e5 3. c4 d6 4. e4 Be7 5. Nf3 Nf6 6. Nc3 O-O 7. Be2 Ne8 8. Qc2 f5
9. exf5 Bxf5 10. Bd3 Bxd3 11. Qxd3 Nd7 12. O-O Ndf6 13. Ng5 Nc7 14. Nge4 Nh5
15. Ne2 Qd7 16. N4g3 Nxg3 17. Nxg3 b5 18. b3 Rab8 19. Ne4 Ne8 20. Bd2 h6 21.
Rae1 Nf6 22. Ng3 bxc4 23. bxc4 Rb2 24. a3 Rfb8 25. Bc1 R2b3 26. Qg6 Qg4 27. Qc2
Bf8 28. Nf5 Kh8 29. Ne3 Qe4 30. Qe2 Be7 31. f3 Qg6 32. f4 Nd7 33. f5 Qf7 34.
Rf3 Bg5 35. Ref1 Nf6 36. g3 e4 37. R3f2 Bxe3 38. Bxe3 Rxa3 39. Bf4 Qe7 40. g4
e3 41. Rg2 Nh7 42. Re1 Re8 43. Bxh6 Qe5 44. g5 gxh6 45. Qh5 hxg5 46. Rxg5 Rg8
47. Rxg8+ Kxg8 48. Re2 Ra1+ 49. Kg2 Qe4+ 50. Kh3 Rg1 51. Rb2 Ng5+ 0-1

[Event "Isla de La Palma Torneo Sub 2300"]
[Site "Isla de La Palma ESP"]
[Date "2005.06.10"]
[Round "8.5"]
[White "Perez Felipe, Marcos Adrian"]
[Black "De La Cruz Sanchez, Gustavo"]
[Result "0-1"]
[WhiteElo "2158"]
[BlackElo "2279"]
[PlyCount "66"]
[EventDate "2005.06.03"]
[EventType "swiss"]
[EventRounds "9"]
[EventCountry "ESP"]
[Source "lmi"]
[SourceDate "2005.06.11"]

1. d4 Nf6 2. c4 d6 3. Nc3 e5 4. dxe5 dxe5 5. Qxd8+ Kxd8 6. e4 Bc5 7. Bg5 c6 8.
f4 h6 9. Bh4 exf4 10. Bxf6+ gxf6 11. Nge2 Be3 12. Nd1 Bc5 13. Ndc3 f5 14.
O-O-O+ Kc7 15. Nd4 fxe4 16. Nxe4 Bg4 17. Rd2 Bb4 18. Rf2 Re8 19. Rxf4 Bh5 20.
Be2 Bg6 21. Bf3 Na6 22. Nc2 Bf8 23. Rd1 Bg7 24. Nf6 Re7 25. Nd4 Nc5 26. Nb5+
Kb6 27. b4 Nd3+ 28. Rxd3 Bxf6 29. a4 a5 30. c5+ Ka6 31. Nd6 axb4 32. Rxb4 Bxd3
33. Rb6+ Ka7 0-1

[Event "Isla de La Palma Torneo Sub 2300"]
[Site "Isla de La Palma ESP"]
[Date "2005.06.10"]
[Round "8.6"]
[White "Vega Gutierrez, Sabrina Neide"]
[Black "Pizarro Segura, Eduardo"]
[Result "1-0"]
[WhiteElo "2253"]
[BlackElo "2173"]
[PlyCount "91"]
[EventDate "2005.06.03"]
[EventType "swiss"]
[EventRounds "9"]
[EventCountry "ESP"]
[Source "lmi"]
[SourceDate "2005.06.11"]

1. e4 c5 2. Nf3 Nc6 3. Bb5 g6 4. O-O Bg7 5. c3 Nf6 6. Qa4 O-O 7. d4 cxd4 8.
cxd4 Ne8 9. d5 Ne5 10. Nxe5 Bxe5 11. Nc3 a6 12. Bh6 Bg7 13. Bxg7 Nxg7 14. Be2
d6 15. Qd4 Qa5 16. Rac1 Bd7 17. b4 Qd8 18. f4 Rc8 19. Bd3 b5 20. a4 e5 21. dxe6
Nxe6 22. Qf2 Nc7 23. a5 Qf6 24. e5 dxe5 25. Ne4 Qe7 26. Qc5 Qxc5+ 27. Rxc5 Ne8
28. fxe5 Rxc5 29. Nxc5 Bc8 30. Be4 Nc7 31. Rf6 Ne6 32. Nxe6 Bxe6 33. Bb7 Rd8
34. Bxa6 Rd4 35. Bxb5 Rxb4 36. Bc6 Bc4 37. Rf4 Rb1+ 38. Kf2 Ba6 39. Bd5 g5 40.
Rf6 Bb5 41. Rb6 Rf1+ 42. Ke3 Re1+ 43. Kd2 Re2+ 44. Kc3 Re3+ 45. Kd4 Rd3+ 46.
Ke4 1-0

[Event "Isla de La Palma Torneo Sub 2300"]
[Site "Isla de La Palma ESP"]
[Date "2005.06.10"]
[Round "8.8"]
[White "Angel Acosta, Juan Carlos"]
[Black "Amil Serantes, Jorge"]
[Result "0-1"]
[WhiteElo "2187"]
[BlackElo "2198"]
[PlyCount "52"]
[EventDate "2005.06.03"]
[EventType "swiss"]
[EventRounds "9"]
[EventCountry "ESP"]
[Source "lmi"]
[SourceDate "2005.06.11"]

1. d4 Nf6 2. Nf3 e6 3. c4 b6 4. g3 Ba6 5. b3 d5 6. Bg2 dxc4 7. Ne5 Bb4+ 8. Kf1
Nfd7 9. Nxf7 Kxf7 10. Bxa8 c6 11. Bd2 Be7 12. Kg2 Nf6 13. e3 Rf8 14. f3 Nd5 15.
bxc4 Nc7 16. Bxc6 Nxc6 17. Qa4 Bb7 18. Nc3 Kg8 19. Rhf1 Ne5 20. Qxa7 Bxf3+ 21.
Kg1 Nxc4 22. Bc1 Bg5 23. Re1 Qf6 24. Qxc7 Bg4 25. Ne4 Qf3 26. Qxc4 Bh3 0-1

[Event "Isla de La Palma Torneo Sub 2300"]
[Site "Isla de La Palma ESP"]
[Date "2005.06.10"]
[Round "8.9"]
[White "Enjuto Velasco, Roberto"]
[Black "Gonzalez Ramirez, Manuel"]
[Result "1-0"]
[WhiteElo "2167"]
[BlackElo "2194"]
[PlyCount "40"]
[EventDate "2005.06.03"]
[EventType "swiss"]
[EventRounds "9"]
[EventCountry "ESP"]
[Source "lmi"]
[SourceDate "2005.06.11"]

1. e4 g6 2. d4 Bg7 3. Nc3 d6 4. f4 c5 5. dxc5 Qa5 6. cxd6 Bxc3+ 7. bxc3 Qxc3+
8. Bd2 Qc6 9. Bd3 Be6 10. dxe7 Nxe7 11. Qe2 O-O 12. Nf3 Rc8 13. O-O Nd7 14. Kh1
Bc4 15. Bb4 Kf8 16. f5 Ke8 17. Rad1 b5 18. Nd4 Bxd3 19. Qxd3 Ne5 20. Qg3 Qc7
1-0